000 00433nam a22001577a 4500
005 20230620114659.0
008 230620b |||||||| |||| 00| 0 eng d
020 _a9781484244821
082 _a005.3
_bROS-A
100 _aRossberg,Joachim
245 _aAgile project management with Azure DevOps : concepts, templates, and metrics
260 _aIndia
_bApress
_c2019
300 _a315
650 _aProject Management
999 _c18784
_d18784